| 000 | 01065cam a22002175a 4500 | ||
|---|---|---|---|
| 001 | L149120 | ||
| 008 | 100113e20091212xxk 000 0 eng d | ||
| 035 | _a(Sirsi) u149120 | ||
| 041 | 0 | _aeng | |
| 100 | 1 | _aBurnett-Hall, Richard | |
| 100 | 1 | _aLethbridge, Alexandra | |
| 245 | 0 | 0 | _aAvoid murky waters |
| 260 | _c2009 | ||
| 490 |
_aEstates Gazette _v(0949) 12 December 2009, 66-67(2) |
||
| 520 | _aLenders enforcing charges on a property where the borrower defaults on its repayments may take on unknown liabilities if it is environmentally contaminated. Outlines liabilities and risks a lender may face. Suggests lender may face four risk categories including credit, security, liability and reputational. From April 2010 companies which breach environmental controls will be exposed to potentially large civil penalites under the Environmental Civil Sanctions Order 2010. | ||
| 590 | _aKA | ||
| 650 | 2 | 4 | _aENVIRONMENTAL PROTECTION ACT 1990 |
| 651 | 4 | _aENGLAND AND WALES | |
| 690 | _aPROPERTY-RURAL AND NATURAL ASSETS-LAND-CONTAMINATED LAND | ||
| 942 | _n0 | ||
| 999 |
_c82065 _d82065 |
||